000 00408nam a2200145Ia 4500
008 100122s9999 xx 000 0 und d
082 _b57498
_a822
100 _aपाटील विश्वास
245 _aरणांगण
260 _bमॅजेस्टिक प्रकाशन
_c1999
300 _a91
630 _aरणांगण
730 _aरणांगण
942 _cBOOK
999 _c433687
_d433684